000 00767nam a2200193 i 4500
001 180492
003 ES-MaACL
005 20230906221118.0
008 120608s1973 sp |||| | spa d
080 _a547(043.2)
100 1 _aFerrer Rovira, Juan.
_9150430
245 1 0 _aAportación al estudio de las fórmulas de estructura de reductodímeros de la (+) - pulegona /
_cpor Juan Ferrer Rovira.
260 _aBarcelona :
_bUniversidad de Barcelona. Secretariado de Publicaciones, Intercambio Científico y Extensión Universitaria,
_c1973.
300 _a17 p. :
_bgrab. ;
_c24 cm.
502 _aTesis-Universidad Barcelona (Extracto)
650 4 _aCompuestos orgánicos.
_9150306
710 2 _aUniversidad de Barcelona.
_97141
852 _aES-MaACL
_jE-15362(81)
999 _c180492
_d180492